000 01002cab a2200229 4500
001 ABS68284
008 040929n2004 000 0 eng u
035 _a(Sirsi) u127562
245 _aSpecial report: regeneration south-east
260 _c2004
490 _aProperty Week
_v69(39) 24 September 2004, 57-64(7)
520 _aThe first of two articles, "Property's sparring partner", discusses the relationship between developers and English Partnerships. English Partnerships is accused of gazumping developers as it seeks enough development land to implement government housing growth in southeast England. "According to plan" looks at a number of developments created by the Communities Plan.
590 _aABS
650 _aSOUTHEAST ENGLAND
650 _aPROPERTY DEVELOPERS
650 _aDEVELOPMENT LAND
650 _aSUSTAINABLE COMMUNITIES: BUILDING FOR THE FUTURE
650 _aHOUSING DEVELOPMENTS
650 _aSUSTAINABLE DEVELOPMENT
690 _aREGENERATION
942 _n0
999 _c74550
_d74550